Statistics for Cincinnati Bengals - 2019 Roster

Click here to take the quiz!

General Stats

  • This quiz has been taken 12 times
  • The average score is 11 of 72

Answer Stats

PositionJersey #Player% Correct
RB28Joe Mixon
89%
QB14Andy Dalton
78%
WR83Tyler Boyd
44%
WR18AJ Green
33%
WR11John Ross
33%
OT73Jonah Williams
33%
SS36Shawn Williams
33%
RB32Trayveon Williams
33%
C66Trey Hopkins
33%
WR19Auden Tate
22%
T68Bobby Hart
22%
TE87CJ Uzomah
22%
SS42Clayton Fejedelem
22%
TE89Drew Sample
22%
DT97Geno Atkins
22%
OLB57Germaine Pratt
22%
RB25Giovani Bernard
22%
FS30Jessie Bates
22%
G67John Miller
22%
DT91Josh Tupou
22%
G60Michael Jordan
22%
DE94Sam Hubbard
22%
WR12Alex Erickson
11%
G62Alex Redmond
11%
DE93Andrew Brown
11%
C53Billy Price
11%
LB45Brady Sheldon
11%
FS40Brandon Wilson
11%
CB23BW Webb
11%
DE58Carl Lawson
11%
DE96Carlos Dunlap
11%
TE82Cethan Carter
11%
LS46Clark Harris
11%
T77Cordy Glenn
11%
CB24Darius Phillips
11%
CB21Darqueze Dennard
11%
CB27Dre Kirkpatrick
11%
G74Fred Johnson
11%
DE92Freedom Akinmoladun
11%
CB26Greg MAbin
11%
MLB56Hardy Nickerson
11%
OLB50Jordan Evans
11%
P10Kevin Huber
11%
MLB55LaRoy Reynolds
11%
TE86Mason Schreck
11%
OLB59Nick Vigil
11%
K4Randy Bullock
11%
QB5Ryan Finley
11%
DT98Ryan Glasgow
11%
WR17Staley Morgan
11%
CB29Tony Mcrae
11%
CB20Torry McTyer
11%
FS41Trayvon Henderson
11%
WR16Trenton Irwin
11%
TE85Tyler Eifert
11%
CB22William JacksonIII
11%
DT99Andrew Billins
0%
WR80Cody Thompson
0%
WR15Damion Willis
0%
DE75Davin Bellamy
0%
WR81DeMarkus Lodge
0%
T71Isaiah Prince
0%
QB7Jake Dolegala
0%
G64John Ferry
0%
TE88Jordan Franks
0%
K3Kaare Vedvik
0%
DE72Kerry Wynn
0%
TE49Moritz Bohringer
0%
DT69Niles Scott
0%
OT70O'Shea Dugas
0%
DT95Renell Wren
0%
RB33Rodney Anderson
0%

Score Distribution

Percentile by Number Answered

Percent of People with Each Score

Your Score History

You have not taken this quiz